000 00845nam a22002177a 4500
999 _c11319
_d11319
003 AR-CdUCM
008 190403b ||||| |||| 00| 0 spa d
040 _aMUNICIPALIDAD PROVINCIAL DEL CUSCO
_cBIBLIOTECA MUNICIPAL DEL CUSCO
082 _a376.51 /
_bL6 / 1949
100 _aLeón Pinelo, Diego de
_928631
245 _aSemblanza de la Universidad de San Marcos /
260 _aLima :
_bScheuch,
_c1949.
300 _a152 páginas ;
_c17 cm.
505 _aContenido : Alegato apologético en defensa de la universidad -- El escudo del patrón -- Al lector -- Comentario apologético en pro de la real academia de Lima, sobre un periodo de lipsio ...
650 _aUniversidad
_91570
650 _aSan Marcos
_93584
650 _aLima
_9231
700 _aEguiguren, Luis Antonio (Traductor)
_928632
942 _2ddc
_cLIBROS
945 _arah